00974nam a2200241 a 450000100060000000300080000600500170001400800410003103500190007204000320009104100080012308200210013111000360015224501140018826000700030230000360037250400500040865100470045870000600050594200120056599900170057795201380059443167BD-RjUL20211209053645.0160620s1961 nyua bs 001 0 eng d a(BD-RjUL)43285 aDLCcDLCdUKMdBD-RjULbeng aeng a330.94bEUR 19612 aTwentieth Century Fund.911934710aEurope's needs and resources :btrends, and prospects in eighteen countries /cJ. Frederic Dewhurst [..et.al] aNew York :bTwentieth Century Fund ;aLondon :bMacmillan,c1961. axxvi, 1198 p. :bill. ;c27 cm. aIncludes bibliographical footnotes and index. 0aEuropexEconomic conditionsy1945-91324041 aDewhurst, J. Fredericq(James Frederic),d1895-9132568 2ddccBK c43167d43167 00102ddc40708NFICaRUCLbRUCLcStackd1964-02-24eZeitlingerg84.00l0o330.94 EUR 1961r2016-06-20 00:00:00tC-2w2016-06-20yBK